Loading...
| Literature - British | 2 | 0 | 0 | 0 | 30 | 42 | 45.50 | 1 | 2 | 14.92 | 13.33 |
| History - European | 1 | 1 | 0 | 0 | 25 | 47 | 68.00 | 1 | 2 | 10.87 | 17.78 |
| Other Academic | 1 | 1 | 0 | 0 | 25 | 59 | 64.00 | 0 | 2 | 32.03 | 53.33 |
| Beliefs | 1 | 1 | 1 | 0 | 20 | 77 | 100.50 | 0 | 1 | 3.64 | 8.33 |
| Literature - European | 1 | 0 | 0 | 0 | 15 | 60 | 60.00 | 1 | 1 | 5.86 | 8.89 |
| Visual Arts | 1 | 0 | 0 | 0 | 15 | 63 | 63.00 | 0 | 1 | 6.08 | 6.67 |
| History - Other | 1 | 0 | 0 | 0 | 15 | 66 | 66.00 | 0 | 0 | 11.59 | 5.00 |
| Literature - World | 1 | 0 | 0 | 0 | 15 | 59 | 59.00 | 1 | 1 | 6.74 | 11.11 |
| Philosophy | 0 | 1 | 0 | 1 | 10 | 134 | 134.00 | 0 | 1 | 0.08 | 2.22 |
| Fine Arts - Other Arts | 0 | 1 | 0 | 0 | 10 | 98 | 98.00 | 0 | 0 | 3.05 | 2.22 |
| Science - Chemistry | 0 | 1 | 0 | 0 | 10 | 81 | 81.00 | 0 | 1 | 3.67 | 8.89 |
| Current Events | 0 | 1 | 0 | 0 | 10 | 78 | 78.00 | 1 | 1 | 12.53 | 33.33 |
| Literature - American | 0 | 1 | 1 | 1 | 5 | 136 | 136.00 | 0 | 0 | 1.04 | 4.44 |
| Science - Physics | 0 | 1 | 1 | 0 | 5 | 85 | 85.00 | 0 | 1 | 3.85 | 8.89 |
| History - Ancient | 0 | 1 | 2 | 0 | 0 | 117 | 117.00 | 1 | 1 | 2.27 | 16.00 |
| History - World | 0 | 0 | 1 | 0 | -5 | 0.00 | 0 | 0 | 0.00 | 0.00 | |
| History - American | 0 | 0 | 1 | 0 | -5 | 0.00 | 0 | 0 | 0.00 | 0.00 | |
| Social Science | 0 | 0 | 1 | 0 | -5 | 0.00 | 0 | 0 | 0.00 | 0.00 | |
| Auditory Arts | 0 | 0 | 1 | 0 | -5 | 0.00 | 0 | 0 | 0.00 | 0.00 |